Statistiques concernant Chanson du Joueur du Grenier - Disney (Y'a mille foie pire que ça)

Cliquez ici pour prendre le quiz!

Statistiques générales

  • Ce quiz a été pris 148 fois
  • Le résultat moyen est 91 sur 105

Statistiques - réponses

OrdreMots% Correct
88y
100%
71À
99%
89a
99%
6 | 15 | 41 | +3 othersça !
98%
3 | 12 | 38 | +3 othersfois
98%
2 | 11 | 37 | +3 othersmille
98%
4 | 13 | 39 | +5 otherspire
98%
5 | 14 | 40 | +4 othersque
98%
1 | 10 | 24 | +5 othersY'a
98%
7 | 16 | 30 | 34La
96%
28 | 72 | 93la
96%
19Afrique !
95%
18en
95%
17famine
95%
25 | 90bien
91%
27 | 62 | 92dans
91%
63le
91%
29 | 94vie !
91%
43ce
90%
83générique !
87%
56ma
87%
60se
87%
82ton
87%
31guerre
86%
99d'ici !
85%
96les
85%
98Sortez
85%
32au
84%
84Ces
84%
33Mali !
84%
97amis !
83%
95Merci
83%
35Seine-Saint-Denis !
83%
73bombe
80%
74atomique !
79%
85
mots
77%
86signifient
75%
9économique !
73%
8crise
72%
54Vous
72%
45vous
72%
87qu'il
71%
20C'est
67%
22jeu
65%
50 | 59on
65%
23pourri !
65%
64frigo !
64%
52ta
64%
47chez
62%
48moi ?
62%
42Qu'est
62%
21qu'un
62%
53 | 57vidéo !
62%
51squatte
61%
55squattez
60%
46foutez
59%
58Et
55%
61sert
52%
49Bah,
46%

Distribution des résultats

Percentile par nombre de réponses

% des personnes avec chaque résultat

Votre développement - résultats

Vous n’avez pas pris ce quiz